Numbers-TEMPOREX lyrics - Statistics

General Stats
  • This quiz has been taken 30 times
  • The average score is 71 of 91
Answer Stats
Answer % Correct
a
100%
a
100%
a
100%
I
100%
I
100%
I
100%
I
100%
I
100%
I
100%
I
100%
I
100%
I
100%
go
94%
go
94%
the
94%
and
89%
and
89%
and
89%
girlfriend
89%
got
89%
got
89%
got
89%
my
89%
my
89%
aren't
83%
aren't
83%
bomb
83%
do
83%
don't
83%
don't
83%
don't
83%
don't
83%
to
83%
to
83%
to
83%
to
83%
what
83%
what
83%
cool
78%
dad
78%
in
78%
know
78%
know
78%
me
78%
mom
78%
nice
78%
really
78%
room
78%
say
78%
she's
78%
that
78%
that
78%
things
78%
Things
78%
bad
72%
but
72%
(hi)
72%
money
72%
numbers
72%
school
72%
about
67%
about
67%
finally
67%
I'll
67%
I'll
67%
is
67%
just
67%
just
67%
killing
67%
long
67%
make
67%
mind
67%
so
67%
some
67%
some
67%
stay
67%
talk
67%
talk
67%
tour
67%
up
67%
anymore
61%
(hello)
61%
if
61%
Maybe
61%
on
61%
straight
61%
wanna
61%
going
56%
have
56%
these
56%
too
56%
No matching quizzes found
Score Distribution
Percent of People with Each Score
Percentile by Number Answered
Your Score History
You have not taken this quiz